Statistics for The Digestive System

Click here to take the quiz!

General Stats

  • This quiz has been taken 297 times
  • The average score is 8 of 15

Answer Stats

HintAnswer% Correct
The organ which churns food?Stomach
91%
The organ which produces bile?Liver
87%
Where waste leaves our body?Anus
82%
The tube which food travels down to get to our stomach?Oesophagus
82%
The organ that stores bile?Gallbladder
76%
Where waste is stored?Rectum
70%
Glands that moisten our food so it is easier to swallow?Salivary glands
56%
What does pepsin break down in food?Protein
50%
Something in the ilium which absorbs nutrients? Villi
43%
Stops food from going down our Trachea?Epiglottis
42%
The tube which brings Bile to the Small intestine?Bile Duct
21%
An auto-immune disorder which causes our body to attack gluten?Coeliac disease
19%
What hydrochloric acid releases in the stomach? Pepsin
17%
Also known as the mouth?Buccal Cavity
8%
Something produced in the Pancreas?Pancreatic juices
8%

Score Distribution

Percentile by Number Answered

Percent of People with Each Score

Your Score History

You have not taken this quiz